Agrarian crisis in the United States : (Record no. 43703)

MARC details
001 - CONTROL NUMBER
control field 22897008
003 - CONTROL NUMBER IDENTIFIER
control field 0199050
005 - DATE AND TIME OF LATEST TRANSACTION
control field 20251011160913.0
008 - FIXED-LENGTH DATA ELEMENTS--GENERAL INFORMATION
fixed length control field 221209s2023 enk b 001 0 eng
010 ## - LIBRARY OF CONGRESS CONTROL NUMBER
LC control number 2022059371
020 ## - INTERNATIONAL STANDARD BOOK NUMBER
International Standard Book Number 9781032360546
020 ## - INTERNATIONAL STANDARD BOOK NUMBER
International Standard Book Number 9781032360553
020 ## - INTERNATIONAL STANDARD BOOK NUMBER
Cancelled/invalid ISBN 9781003330066
020 ## - INTERNATIONAL STANDARD BOOK NUMBER
Cancelled/invalid ISBN 9781000868609
020 ## - INTERNATIONAL STANDARD BOOK NUMBER
Cancelled/invalid ISBN 9781000868623
035 ## - SYSTEM CONTROL NUMBER
System control number 22897008
040 ## - CATALOGING SOURCE
Original cataloging agency DLC
Language of cataloging eng
Description conventions rda
Transcribing agency DLC
Modifying agency DLC
042 ## - AUTHENTICATION CODE
Authentication code pcc
043 ## - GEOGRAPHIC AREA CODE
Geographic area code n-us---
050 00 - LIBRARY OF CONGRESS CALL NUMBER
Classification number JZ 5587
Item number .P34 2023
082 00 - DEWEY DECIMAL CLASSIFICATION NUMBER
Classification number 338.1/873
Edition number 23/eng/20230327
100 1# - MAIN ENTRY--PERSONAL NAME
Personal name Pahnke, Anthony,
Relator term author.
245 10 - TITLE STATEMENT
Title Agrarian crisis in the United States :
Remainder of title pathways for reform /
Statement of responsibility, etc Anthony Pahnke.
263 ## - PROJECTED PUBLICATION DATE
Projected publication date 2304
264 #1 - PUBLICATION, DISTRIBUTION, ETC. (IMPRINT)
Place of publication, distribution, etc Abingdon, Oxon ;
-- New York, NY :
Name of publisher, distributor, etc Routledge,
Date of publication, distribution, etc 2023.
300 ## - PHYSICAL DESCRIPTION
Extent xv, 135p.:
Other physical details ill, charts
336 ## - CONTENT TYPE
Content type term text
Content type code txt
Source rdacontent
337 ## - MEDIA TYPE
Media type term unmediated
Media type code n
Source rdamedia
338 ## - CARRIER TYPE
Carrier type term volume
Carrier type code nc
Source rdacarrier
504 ## - BIBLIOGRAPHY, ETC. NOTE
Bibliography, etc Includes bibliographical references and index.
505 0# - FORMATTED CONTENTS NOTE
Formatted contents note Introduction: The Nature of Crisis in the US Agrarian System -- The Crisis Tendency in Land Policy -- The Crisis Tendency in Labor Policy -- The Crisis Tendency in Market Policy -- The Crisis Tendency in Environmental Policy -- Conclusion: Pathways for Reform.
520 ## - SUMMARY, ETC.
Assigning source Provided by publisher.
650 #0 - SUBJECT ADDED ENTRY--TOPICAL TERM
Topical term or geographic name as entry element Agriculture and state
Geographic subdivision United States
General subdivision History
Chronological subdivision 21st century.
650 #0 - SUBJECT ADDED ENTRY--TOPICAL TERM
Topical term or geographic name as entry element Agriculture
General subdivision Economic aspects
Geographic subdivision United States
General subdivision History
Chronological subdivision 21st century.
776 08 - ADDITIONAL PHYSICAL FORM ENTRY
Relationship information Online version:
Main entry heading Pahnke, Anthony.
Title Agrarian crisis in the United States
Place, publisher, and date of publication Abingdon, Oxon ; New York, NY : Routledge, 2023
International Standard Book Number 9781003330066
Record control number (DLC) 2022059372
906 ## - LOCAL DATA ELEMENT F, LDF (RLIN)
a 7
b cbc
c orignew
d 1
e ecip
f 20
g y-gencatlg
942 ## - ADDED ENTRY ELEMENTS (KOHA)
Source of classification or shelving scheme Library of Congress Classification
Koha item type Books
Holdings
Withdrawn status Lost status Source of classification or shelving scheme Damaged status Not for loan Permanent Location Current Location Date acquired Inventory number Total Checkouts Full call number Date last seen Price effective from Koha item type
    Library of Congress Classification     NILE UNIVERSITY OF NIGERIA - MAIN LIBRARY NILE UNIVERSITY OF NIGERIA - MAIN LIBRARY 10/11/2025 0199050   JZ 5587 .P34 2023 10/11/2025 10/11/2025 Books
    Library of Congress Classification     NILE UNIVERSITY OF NIGERIA - MAIN LIBRARY NILE UNIVERSITY OF NIGERIA - MAIN LIBRARY 10/11/2025 0199051   JZ 5587 .P34 2023 10/11/2025 10/11/2025 Books